Caso prc̀tico sobre la Auditora̕ de Estados Financieros

Bibliographic Details
Main Author: Quevedo Ramr̕ez, Jos ̌S
Format: Book
Language:Spanish
Published: Mx̌ico Ediciones Fiscales ISEF 2014
Subjects:
Online Access:Acceso restringido

MARC

LEADER 00000nam a22000007a 4500
005 20151202134110.0
007 cr|||| ||u|
008 151202s2014 mx ||||| |||| 00||0 spa d
020 |a 970-676-952-8 
035 |a 12942 
040 |a vLex 
090 |c 5706  |d 5706 
100 1 |a Quevedo Ramr̕ez, Jos ̌S.  
245 1 0 |a Caso prc̀tico sobre la Auditora̕ de Estados Financieros  |h [Recurso electrn̤ico] /   |c Jos ̌S. Quevedo Ramr̕ez  
256 |a Servicio en ln̕ea 
260 |a Mx̌ico  |b Ediciones Fiscales ISEF  |c 2014 
300 |a 1 recurso electrn̤ico (Tercera edicin̤ 4a. reimpresin̤ 182 pg̀inas) 
506 1 |a Contenido solo disponible en los productos indicados  |d vLex Global  |d vLex Global (Academic Edition, excluding Law Schools)  |d vLex Global (U.S. Academic Edition, Law Schools)  |d vLex Global (U.S. Academic Edition, excluding Law Schools)  |d vLex Global (Academic Edition, Law Schools) 
650 0 4 |a Auditoria  |z Mx̌ico 
740 0 |a vLex libros (servicio en ln̕ea) 
856 4 0 |u http://vlex.com/source/caso-practico-auditoria-estados-financieros-12942  |z Acceso restringido 
942 |c BOOK 
999 0 |a Auditing